000 01510cam a22003857a 4500
003 CHAP
005 20220329142225.0
008 000228d1999 mx r 00110 spa d
010 _a80140
011 _a81112
035 _a91574
040 _cCHAP
082 0 4 _a338.456
_bH8
100 0 0 _aHualde Alfaro, Alfredo.
_956572
245 1 0 _aAprendizaje industrial en la frontera norte de México :
_bla articulación entre el sistema educativo y el sistema productivo maquilador
_c/por Alfredo Hualde Alfaro
260 _aMéxico, D.F. :
_bSecretaría del Trabajo y Previsión Social,
_c1999.
300 _a215 p. :
_bgráfs. ; cuadros
590 _aBATCH-UPD
_b10
_c20130110
_lUCH01
_h0210
590 _aBATCH-UPD
_b10
_c20130110
_lUCH01
_h1332
590 _aBATCH-UPD
_b10
_c20130409
_lUCH01
_h2224
590 _aBATCH-UPD
_b10
_c20130410
_lUCH01
_h1001
590 _aBATCH-UPD
_b10
_c20130914
_lUCH01
_h1247
590 _aCONVERSION
_b10
_c20130109
_lUCH01
_h1344
650 1 4 _aEducación técnica
_zBaja California.
_935683
650 1 4 _aEducación técnica
_zChihuahua.
_935684
650 1 4 _aIndustria maquiladora
_zMéxico.
_957903
650 1 4 _aIndustria
_xChihuahua.
_957694
650 1 4 _aIndustria
_zBaja California.
_957770
650 1 4 _aVinculación Universidad-Empresa.
_9119835
901 _aBK
905 _aAlejandra Carrasco M.
942 _cLIBRO
949 _a338.456 H8
_bBC
_cLIBRO
_d33724000743258
_eLIBRO
_fc.2
_h97015
_i91574
_sb
949 _a338.456 H8
_bBC
_cLIBRO
_d33724000743266
_eLIBRO
_h97014
_i91574
_sb
999 _c80140
_d80140